Statistics for Bands by City

Click here to take the quiz!

General Stats

  • This quiz has been taken 121 times
  • The average score is 9 of 21

Answer Stats

BandCity% Correct
The BeatlesLiverpool
91%
ABBAStockholm
86%
U2Dublin
85%
QueenLondon
84%
AC/DCSydney
75%
The Rolling StonesLondon
59%
Guns N' RosesLos Angeles
52%
A-haOslo
46%
BTSSeoul
46%
The Jackson 5Gary
40%
KissNew York City
37%
Destiny's ChildHouston
27%
Maroon 5Los Angeles
23%
'N SyncOrlando
23%
The KillersLas Vegas
22%
BLACKPINKSeoul
20%
The ChainsmokersNew York City
18%
Arcade FireMontreal
17%
No DoubtAnaheim
13%
Twenty One PilotsColumbus
9%
OneRepublicColorado Springs
4%

Score Distribution

Percentile by Number Answered

Percent of People with Each Score

Your Score History

You have not taken this quiz